000 00442nam a22001817a 4500
003 koha_MIRAKIL
005 20231213095502.0
008 231213b |||||||| |||| 00| 0 ||| d
020 _b978-9-75470531-7
040 _aTR-IsEVY
_btur
_cTR-IsEVY
082 _a900 MAR/S
100 _aMARDİN, ŞERİF.
245 0 _aSİYASAL VE SOSYAL BİLİMLER.
260 _bİletişim,
_c2012
300 _a205.
650 _aTarih.
942 _2ddc
_cBK
999 _c4413
_d4413